Ciceros rede über das Imperium des Gnaeus Pompeius

Elmentve itt :
Bibliográfiai részletek
Szerző: Halm Karl
Dokumentumtípus: Cikk
Megjelent: 1858
Sorozat:Kolligátum
Kulcsszavak:Róma története - i. e. 1. sz. - forrás, Latin irodalom - próza
Online Access:http://misc.bibl.u-szeged.hu/24638
LEADER 00588nab a2200169 i 4500
001 misc24638
005 20191111110745.0
008 171012s1858 hu o 0|| zxx d
040 |a SZTE Miscellanea Repozitórium  |b hun 
041 |a zxx 
100 1 |a Halm Karl 
245 1 0 |a Ciceros rede über das Imperium des Gnaeus Pompeius  |h [elektronikus dokumentum] /  |c  Halm Karl 
260 |c 1858 
300 |a 97-129 
490 0 |a Kolligátum 
695 |a Róma története - i. e. 1. sz. - forrás, Latin irodalom - próza 
856 4 0 |u http://misc.bibl.u-szeged.hu/24638/1/011_023_097-129.pdf  |z Dokumentum-elérés